000 01040cam a22002534a 4500
001 12790046
005 20250124132133.0
008 020528s2002 enka bd 000 0 eng
020 _a0192801007
020 _a0198609507 (2004 printing)
050 0 0 _aQA276.14
_b.U67 2002
082 0 0 _a519.5/03
_221
100 1 _aUpton, Graham J. G.
245 1 2 _aA dictionary of statistics /
_cGraham Upton and Ian Cook.
260 _aOxford ;
_aNew York :
_bOxford University Press,
_c2002.
300 _aviii, 420 p. :
_bill. ;
_c20 cm.
650 0 _aMathematical statistics
_vDictionaries.
700 1 _aCook, Ian
_q(Ian T.)
856 4 2 _3Publisher description
_uhttp://www.loc.gov/catdir/enhancements/fy0613/2002074259-d.html
856 4 1 _3Table of contents only
_uhttp://www.loc.gov/catdir/enhancements/fy0613/2002074259-t.html
856 4 1 _uhttp://www.oxfordreference.com/views/BOOK_SEARCH.html?book=t106
856 4 2 _3Contributor biographical information
_uhttp://www.loc.gov/catdir/enhancements/fy0725/2002074259-b.html
942 _2lcc
_cBK
_n0
999 _c3023
_d3023